000 00965cab a2200325 4500
001 ABS45579
008 090401t1991 xxu||||| |||| 00| 0 eng d
035 _a(Sirsi) u53816
041 _aeng
100 _aBennett, J.
245 _aProblems with European public procurement
260 _c1991
350 _a0
490 _aLaw Society`s Gazette
_v88(46) 18 December 1991, 19-20(2)
520 _aSpots the difficulties in enforcing EC public procurement law, particularly for aggrieved contractors.
650 _aCOMPLIANCE DIRECTIVE
650 _aContracts
_96232
650 _aDAMAGES
650 _aEC DIRECTIVES
650 _aLOCAL AUTHORITIES
650 _aLOCAL GOVERNMENT ACT 1988
650 _aPUBLIC PROCUREMENT
650 _aSUPPLIES DIRECTIVE
650 _aWORKS DIRECTIVE
690 _aBUILT ENVIRONMENT-BUILDING CONTRACT FORMS
690 _aEUROPE-SINGLE MARKET
700 _aCirell, S.
942 _n0
948 _c04/03/1997
999 _c33073
_d33073